000 00384 a2200121 4500
020 _a0070567603
082 _a624.18341 PHI
100 _aPhillips,W.R.
245 _aPlant-cast precast and prestressed concrete /
_c William R. Phillips,David A. Sheppard,
260 _aNew York :
_bMcGraw-Hill,
_cc1989.
300 _aviii, 791 p. :
_bill. ;
_c24 cm.
650 _aPrecast concrete.
650 _aPrestressed concrete.
999 _c1388
_d1388